000 00432nam a2200145Ia 4500
005 20250528034228.0
008 240331s9999 xx 000 0 und d
082 _a303.6
_bNAT
245 0 _a Yuddaye durvipaka Cost of War :
_bSri Lanka
260 _aSri Lanka
_bSri Lanka National Peace Council
_c1998
300 _a31 p ., ( c 2)
500 _aThe evil eye (the consequences of fear)
700 _aSama Mandalaya.
_eedt
942 _cL
999 _c1297
_d1297